NATURAL REMEDIES ENCYCLOPEDIA (Record no. 7272)
[ view plain ]
| 000 -LEADER | |
|---|---|
| fixed length control field | 00445nam a22001577a 4500 |
| 005 - DATE AND TIME OF LATEST TRANSACTION | |
| control field | 20250815113759.0 |
| 008 - FIXED-LENGTH DATA ELEMENTS--GENERAL INFORMATION | |
| fixed length control field | 250815b |||||||| |||| 00| 0 eng d |
| 050 ## - LIBRARY OF CONGRESS CALL NUMBER | |
| Classification number | RZ 433 |
| Item number | FER |
| 100 ## - MAIN ENTRY--PERSONAL NAME | |
| Personal name | FERRELL, VANCE |
| 245 ## - TITLE STATEMENT | |
| Title | NATURAL REMEDIES ENCYCLOPEDIA |
| Statement of responsibility, etc. | VANCE FERRELL AND HAROLD M. CHERNE |
| 250 ## - EDITION STATEMENT | |
| Edition statement | 6th ed |
| 260 ## - PUBLICATION, DISTRIBUTION, ETC. | |
| Place of publication, distribution, etc. | TENNESSEE |
| Name of publisher, distributor, etc. | HARVESTIME BOOKS |
| Date of publication, distribution, etc. | c2008 |
| 300 ## - PHYSICAL DESCRIPTION | |
| Extent | 908p.; |
| Other physical details | col. ills |
| 700 ## - ADDED ENTRY--PERSONAL NAME | |
| Personal name | HAROLD M. CHERNE |
| 942 ## - ADDED ENTRY ELEMENTS (KOHA) | |
| Source of classification or shelving scheme | Library of Congress Classification |
| Koha item type | Reference |
| Suppress in OPAC | No |
| 999 ## - | |
| -- | 7272 |
| -- | 7272 |
| Withdrawn status | Lost status | Source of classification or shelving scheme | Damaged status | Not for loan | Collection | Home library | Current library | Shelving location | Date acquired | Total checkouts | Full call number | Barcode | Date last seen | Copy number | Price effective from | Koha item type |
|---|---|---|---|---|---|---|---|---|---|---|---|---|---|---|---|---|
| Library of Congress Classification | Reference | Undergraduate Library (Christ Temple) | Undergraduate Library (Christ Temple) | General stacks | 08/15/2025 | RZ 433 FER | ulct00004328 | 08/15/2025 | 1 | 08/15/2025 | Reference |